| 000 | nam a22 7a 4500 | ||
|---|---|---|---|
| 999 |
_c29074 _d29074 |
||
| 003 | OSt | ||
| 005 | 20190713020027.0 | ||
| 008 | 171106b xxu||||| |||| 00| 0 eng d | ||
| 020 | _a9966718836 | ||
| 050 | _aP 91.3 .M33 2014 | ||
| 100 | _aMaina, Samuel Mwituria | ||
| 245 |
_aCommunictaion skills : _bedition for university and college students / |
||
| 260 |
_aNairobi : _bThe Mwituria Publishers , _c2014 |
||
| 300 |
_axx, 277p. ; _c26 cm. |
||
| 650 |
_aCommunictaion _vteaching and studying. |
||
| 942 |
_2lcc _cBOOKS _hP 91.3 M33 2014 _014 |
||